header

Changing American education (Record no. 24036)

MARC details
000 -LEADER
fixed length control field 01602nam a2200373 a 4500
082 04 - DEWEY DECIMAL CLASSIFICATION NUMBER
Classification number 371.2/00973
245 00 - TITLE STATEMENT
Title Changing American education
260 ## - PUBLICATION, DISTRIBUTION, ETC. (IMPRINT)
Place of publication Albany :
Name of publisher State University of New York Press,
Year of publication c1994.
300 ## - PHYSICAL DESCRIPTION
Number of Pages xvii, 416 p. :
Other physical details ill.
490 1# - SERIES STATEMENT
Series statement SUNY series, teacher preparation and development
650 #0 - SUBJECT ADDED ENTRY--TOPICAL TERM
Topical Term Educational change
Topical Term School improvement programs
Topical Term Curriculum change
Topical Term School management and organization
700 1# - ADDED ENTRY--PERSONAL NAME
Personal name Borman, Kathryn M.
Personal name Greenman, Nancy P.
856 40 - ELECTRONIC LOCATION AND ACCESS
Uniform Resource Identifier http://site.ebrary.com/lib/rucke/Doc?id=10019114

No items available.

© 2026 Rongo University
Contact us: librarian | system librarian | Rongo university